[Event "FRA-ch op-B"]
[Site "Agen"]
[Date "2016.??.??"]
[Round "2"]
[White "Saya, Ethan"]
[Black "Gautier, Dorian"]
[Result "0-1"]
[WhiteElo "1784"]
[BlackElo "1689"]
[PlyCount "116"]
[EventDate "2016.08.12"]
[EventType "swiss"]
[EventRounds "9"]
[EventCountry "FRA"]
[SourceTitle "EXT 2017"]
[Source "ChessBase"]
[SourceDate "2016.10.25"]
[SourceVersion "1"]
[SourceVersionDate "2016.10.25"]
[SourceQuality "1"]

1. e4 e5 2. Nf3 Nc6 3. Bb5 a6 4. Ba4 Nf6 5. 0-0 b5 6. Bb3 Be7 7. Qe2 d6 8. a4 Bd7 9. c3 Na5 10. Bc2 c5 11. d4 cxd4 12. cxd4 Qc7 13. axb5 Bxb5 14. Bd3 0-0 15. Bg5 Nb3 16. Ra3 Nxd4 17. Nxd4 exd4 18. Rc1 Qd7 19. Bxb5 axb5 20. Rb3 h6 21. Bh4 Rab8 22. Na3 b4 23. Nc2 Rfc8 24. Qd3 Qe6 25. Re1 Qg4 26. Bg3 Rc7 27. Nxd4 Rbc8 28. f3 Qg5 29. Rxb4 Rc1 30. Rxc1 Qxc1+ 31. Kf2 d5 32. Rb3 dxe4 33. fxe4 Bc5 34. Kf3 Rd8 35. Bf2 Nh5 36. Be3 Qh1 37. Qc4 Qd1+ 38. Ne2 Qf1+ 39. Kg4 Nf6+ 40. Kh3 Bxe3 41. Rxe3 Rd2 42. Qc8+ Kh7 43. Qf5+ Qxf5+ 44. exf5 Nd5 45. Re5 f6 46. Re4 Rxe2 47. Rd4 Ne7 48. b4 Nxf5 49. Rf4 Nd6 50. Rd4 Nb5 51. Kg3 Rb2 52. Rc4 Kg6 53. Kf3 Rb3+ 54. Kf2 Rc3 55. Rxc3 Nxc3 56. Ke1 Kf5 57. Kd2 Nd5 58. b5 Ke4 0-1